Бюджетна система України (Запис № 325563)

МАРК-запис
000 -Лідер
fixed length control field 01818nam a22002657a 4500
001 - Контрольний номер
control field 39424
003 - Ідентифікатор контрольного номера
control field UA-OsUOA
005 - Дата та час останнього входження (трансакції)
control field 20230504161233.0
007 - Фіксоване поле фізичного опису
fixed length control field ta
008 - Елементи даних фіксованої довжини – загальна інформація
fixed length control field 20060619b un ||||| |||| 00| 0 ukr d
020 ## - Міжнародний стандартний книжковий номер (ISBN)
Міжнародний стандартний книжковий номер (ISBN) (НП) 9663110449
040 ## - Джерело каталогізації
Агенція оригінальної каталогізації UA-OsUOA
Мова каталогізації ukr
Агенція, яка здійснювала перезапис UA-OsUOA
Агенція, яка здійснювала модифікацію UA-OsUOA
041 ## - Код мови
Код мови тексту/ звукової доріжки чи окремого заголовка (П) ukr
080 ## - Індекс Універсальної десяткової класифікації
Індекс Універсальної десяткової класифікації (УДК) (НП) 336.14
090 ## - Локальний шифр розміщення
Класифікаційний індекс УДК 336.14
Авторський знак (НП) П19
100 ## - Основне введення – ім’я особи
Ім’я особи (НП) Пасічник Ю. В.
245 ## - Відомості про назву
Назва (НП) Бюджетна система України
Решта назви (НП) навчальний посібник
260 ## - Публікація, розповсюдження і т.п. (Вихідні дані)
Місце публікації, розповсюдження і т.п. (П) К.
Ім’я/ наймення видавництва, розповсюджувача і т.п. (П) Знання-Прес
Дата публікації, розповсюдження і т.п. (П) 2006
300 ## - Фізичний опис
Обсяг 607 с.
520 ## - Резюме і т.п.
Резюме, реферат, анотація, тощо (НП) У посібнику розглядаються історія бюджетної системи України та інших країн світу (Давня Греція, Рим, Франція, США, Велика Британія) з часів зародження бюджетних відносин до сучасності, механізм функціонування органів управління та нормативна база бюджетної системи. Посібник підготовлено згідно з бюджетним законодавством, у тому числі Бюджетним кодексом України. У кінці кожного розділу наводяться висновки і контрольні запитання. Як додаток до книги подається словник офіційних термінів, що вживаються у нормативних актах, які регламентують функціонування бюджетної системи України.
650 #7 - Додаткове предметне введення – тематичний термін
Тематичний термін чи географічна назва, як елемент введення (НП) 336 Фінанси
Джерело заголовка чи терміна UDC
942 ## - Додаткові елементи входу (Коха)
Тип елемента Koha Книги
Source of classification or shelving scheme Universal Decimal Classification
955 ## - Код типу видання за змістом
Код типу видання за змістом (НП) Навчальні видання
Фонди
Стан вилучень Стан втрат Джерело класифікації або схеми стелажів Стан уражень Не для кредиту Постійне місце розташування Поточне розміщення Дата придбання Джерело придбання Вартість, звичайна ціна покупки Інвентарний номер Усього замовленно Повний номер виклику Штрих-код Дата останнього перегляду Ціна ефективна від Тип елемента Koha Дата останньої перевірки
    Universal Decimal Classification     АБ - Абонемент НБ АБ - Абонемент НБ 01/06/2007 105/2007 48.00 104945   336.14 П19 104945 07/12/2021 19/06/2006 Книги  
    Universal Decimal Classification     АБ - Абонемент НБ АБ - Абонемент НБ 01/06/2007 105/2007 48.00 104946   336.14 П19 104946 07/12/2021 19/06/2006 Книги  
    Universal Decimal Classification     АБ - Абонемент НБ АБ - Абонемент НБ 01/06/2007 105/2007 48.00 104947   336.14 П19 104947 07/12/2021 19/06/2006 Книги  
    Universal Decimal Classification     АБ - Абонемент НБ АБ - Абонемент НБ 01/06/2007 105/2007 48.00 104948   336.14 П19 104948 07/12/2021 19/06/2006 Книги  
    Universal Decimal Classification     АБ - Абонемент НБ АБ - Абонемент НБ 01/06/2007 105/2007 48.00 104949 1 336.14 П19 104949 07/12/2021 19/06/2006 Книги 17/09/2019
    Universal Decimal Classification     ЧЗ - Читальна зала ЧЗ - Читальна зала 03/04/2007 68/2007 61.50 104217   336.14 П19 104217 06/02/2022 19/06/2006 Книги  
    Universal Decimal Classification     ЧЗ - Читальна зала ЧЗ - Читальна зала 03/04/2007 68/2007 61.50 104218   336.14 П19 104218 07/02/2022 19/06/2006 Книги  
    Universal Decimal Classification     ЧЗ - Читальна зала ЧЗ - Читальна зала 03/04/2007 68/2007 61.50 104219   336.14 П19 104219 07/02/2022 19/06/2006 Книги  
    Universal Decimal Classification     ЧЗ - Читальна зала ЧЗ - Читальна зала 03/04/2007 68/2007 61.50 104220   336.14 П19 104220 06/02/2022 19/06/2006 Книги  
    Universal Decimal Classification     ЧЗ - Читальна зала ЧЗ - Читальна зала 03/04/2007 68/2007 61.50 104221   336.14 П19 104221 07/02/2022 19/06/2006 Книги  
    Universal Decimal Classification     ЧЗ - Читальна зала ЧЗ - Читальна зала 22/10/2012 62/2012 48.00 140583   336.14 П19 140583 06/02/2022 19/06/2006 Книги  
    Universal Decimal Classification     ЧЗ - Читальна зала ЧЗ - Читальна зала 19/06/2006 62/2006 51.00 96944   336.14 П19 96944 06/02/2022 19/06/2006 Книги  
    Universal Decimal Classification     ЧЗ - Читальна зала ЧЗ - Читальна зала 19/06/2006 62/2006 51.00 96945   336.14 П19 96945 06/02/2022 19/06/2006 Книги  
    Universal Decimal Classification     ЧЗ - Читальна зала ЧЗ - Читальна зала 19/06/2006 62/2006 51.00 96946   336.14 П19 96946 06/02/2022 19/06/2006 Книги